000 00826nam a2200241Ia 4500
003 OSt
005 20220925232140.0
006 a|||||r|||| 00| 0
007 ta
008 220923b |||||||| |||| 00| 0 eng d
020 _a0486443876
_c672.42999999999995
037 _b009/2012-13, 20/06/2012, PIONEER BOOK DISTRIBUTORS
_cGeneral Book
040 _aRTL
_cRTL
_beng
041 _2eng
_aeng
082 _aRxL29:g(NQ), P5
100 _aLessing Gotthold Ephraim
_981620
245 0 _aLaocoon
_b An essay upon the limits of painting and poetry
260 _aMineola
_bDover Publications
_c2005
300 _axi,250p.
_ccm.
650 _aSociology
942 _hRxL29:g(NQ), P5
_cGB
_2CC
999 _c590443
_d590443